Galéria
Salvato in:
| Autore principale: | |
|---|---|
| Altri autori: | |
| Natura: | Manoscritto Libro |
| Lingua: | slovacco |
| Pubblicazione: |
Bratislava
2015
|
| Soggetti: | |
| Accesso online: | http://is.stuba.sk/zp/portal_zp.pl?podrobnosti=112555 |
| Tags: |
Nessun Tag, puoi essere il primo ad aggiungerne!!
|
MARC
| LEADER | 00000ntm a22000003a 4500 | ||
|---|---|---|---|
| 001 | stuzp51883 | ||
| 003 | SK-STU | ||
| 005 | 20210301110609.5 | ||
| 007 | ta | ||
| 008 | 150427s2015----xo-----f-mn---000-0-slo-d | ||
| 040 | |a STU |b slo | ||
| 041 | 0 | |a slo | |
| 100 | 1 | |a Ulrichová, Martina, |d 1990- |u 052120 |4 aut |U FAD Fakulta architektúry |T FA Ústav ekologickej a experimentálnej architektúry |X 68388 |U A2120 |Y 393 |7 A000068388 | |
| 242 | 0 | 1 | |a Gallery |y eng |
| 245 | 1 | 0 | |a Galéria |
| 260 | |c 2015 |a Bratislava | ||
| 650 | 4 | |a špirála |2 slo | |
| 650 | 4 | |a architektúra |2 slo | |
| 650 | 4 | |a časová os |2 slo | |
| 650 | 4 | |a spiral |2 eng | |
| 650 | 4 | |a architecture |2 eng | |
| 650 | 4 | |a timeline |2 eng | |
| 700 | 1 | |a Šíp, Lukáš, |d 1983- |4 ths |X 29145 |7 A000029145 | |
| 856 | 4 | |u http://is.stuba.sk/zp/portal_zp.pl?podrobnosti=112555 |u https://opac.crzp.sk/?fn=detailBiblioForm&sid=A7BD2F096A49022F25C99737FE46 | |
| SQL | |a stuzp51883 |b DDP |c SLO |d Galéria |e 68388 |f Ulrichová, Martina |g 052120 |h 29145 |i Šíp, Lukáš |j 20150604 |k 153 |l 05 |m http://is.stuba.sk/zp/portal_zp.pl?podrobnosti=112555 |n I-ARCH |o 5.1.1. architektúra a urbanizmus | ||